Multiple Choice City Quiz - Wroclaw - Statistics

General Stats
  • This quiz has been taken 119 times
    101 since last reset
  • The average score is 5 of 10
Answer Stats
Question Answer % Correct
Before 1945, Wroclaw was a german speaking city: what was its name then? Breslau
90%
Of which historical and cultural region is Wroclaw the capital city? Silesia
77%
Which disease was discovered by a native of Wroclaw, who gave it his name? Alzheimer disease
66%
Which river flows through Wroclaw? Oder
65%
One of Wroclaw's most unique landmark are hundreds of little figurines depicting... Dwarves
61%
What's depicted in the Racławice Panorama, a cycloramic 114m long painting preserved in Wroclaw? A 1794 battle, during an uprising against the russians
59%
What's the tallest building in Wroclaw, once the tallest in Poland? Sky Tower
43%
Wroclaw is home to a Unesco World heritage site, the... "Centenial Hall"
30%
Wroclaw is home to the... Biggest football stadium in the polish league
23%
Which anti-communist movement started to spread them in the 80's, peacefully protesting against the regime? The Orange Alternative
19%
No matching quizzes found
Score Distribution
Percent of People with Each Score
Percentile by Number Answered
Your Score History
You have not taken this quiz since the last reset